000 01551nam a2200337 i 4500
003 CO-MqBPB
005 20220713132732.0
008 160601s2004 ck gs 000 0 spa d
020 _a9781400095803
040 _aCO-MqBPB
_bspa
_cCO-MqBPB
_erda
041 0 _aspa
082 _aAN
_bGARm
084 _aN GAR2
100 1 _aGarcía Márquez, Gabriel,
_d1928-2014
_eautor
_96354
245 1 0 _aMemoria de mis putas tristes /
_cGabriel García Márquez
250 _aPrimera edición
264 1 _aNueva York , Estados Unidos de America.
_bVintage Español
_c2004
300 _a109 páginas
_c20 cm
336 _atexto
_btxt
_2rdacontent
337 _asin mediación
_bn
_2rdamedia
338 _avolumen
_bnc
_2rdacarrier
490 _aLiteratura Mondadori
500 _aIncluye datos biográficos del autor
520 3 _aEl año de mis noventa años quise regalarme una noche de amor loco con una adolescente virgen. Me acordé de Rosa Cabarcas, la dueña de una casa clandestina que solía avisar a sus buenos clientes cuando tenía una novedad disponible. Nunca sucumbí a ésa ni a ninguna de sus muchas tentaciones obscenas, pero ella no creía en la pureza de mis principios. También la moral es un asunto de tiempo, decía con una sonrisa maligna, ya lo verás
650 1 4 _aNovela colombiana
_ySiglo XX
_2LEMB
_9127830
650 1 4 _aLiteratura colombiana
_ySiglo XX
_2LEMB
_9127831
650 1 4 _aMujeres
_vNovela
_2LEMB
_910443
650 1 4 _aAmor
_vNovela
_2LEMB
_9127832
650 1 4 _aProstitución
_vNovela
_2LEMB
_9104681
942 _cBKLIT
999 _c14396
_d14396